Satellite Communication (Record no. 152621)

MARC details
000 -LEADER
fixed length control field 00714nam a22002417a 4500
005 - DATE AND TIME OF LATEST TRANSACTION
control field 20180705161908.0
008 - FIXED-LENGTH DATA ELEMENTS--GENERAL INFORMATION
fixed length control field 180608b xxu||||| |||| 00| 0 eng d
010 ## - LCCN (DPL NO)
LC control number B-167610
020 ## - INTERNATIONAL STANDARD BOOK NUMBER
Terms of availability 195.00
International Standard Book Number 8120327861
020 ## - INTERNATIONAL STANDARD BOOK NUMBER
Terms of availability 195.00
International Standard Book Number 8120327861
035 ## - SYSTEM CONTROL NUMBER
System control number B-167610,B-167601
037 ## - SOURCE OF ACQUISITION
Stock number BPPD/PUB
040 ## - CATALOGING SOURCE
Original cataloging agency dpl
Language of cataloging English
082 ## - DEWEY DECIMAL CLASSIFICATION NUMBER
Classification number 621.3825
100 ## - MAIN ENTRY--PERSONAL NAME
Personal name Monojit Mitra
245 ## - TITLE STATEMENT
Title Satellite Communication
Statement of responsibility, etc by Monojit mitra
250 ## - EDITION STATEMENT
Edition statement 4th ed.
260 ## - PUBLICATION, DISTRIBUTION, ETC. (IMPRINT)
Place of publication, distribution, etc New Delhi
Name of publisher, distributor, etc Prentice hall of india
Date of publication, distribution, etc 2005
270 ## - ADDRESS
Address M-97, connaught circus
City New Delhi
Postal code 110091
300 ## - PHYSICAL DESCRIPTION
Extent xiii, 166p.
Dimensions 23cm(hb)
500 ## - GENERAL NOTE
General note Includes index
942 ## - ADDED ENTRY ELEMENTS (KOHA)
Institution code [OBSOLETE] dpl
Item type English Books
Source of classification or shelving scheme Dewey Decimal Classification
Classification part 621.3825
Call number suffix MIT
Holdings
Withdrawn status Lost status Source of classification or shelving scheme Damaged status Not for loan Collection code Home library Current library Date acquired Source of acquisition Cost, normal purchase price Total Checkouts Full call number Barcode Date last seen Cost, replacement price Koha item type
    Dewey Decimal Classification     Non-fiction Shahdara Branch Shahdara Branch 08/06/2018 BPPD/PUB 195.00 2 621.3825 MIT B-167610 11/12/2018 195.00 English Books

© Delhi Public Library
Hit Counter
free hit counter